Statistics for AFL Team Quiz

Click here to take the quiz!

General Stats

  • This quiz has been taken 3,135 times
  • The average score is 17 of 18

Answer Stats

HintAnswer% Correct
Team (SA)Adelaide
95%
Team (NSW)Sydney
95%
Team (QLD)Brisbane
94%
Team (QLD)Gold Coast
94%
Team (WA)West Coast
94%
Team (VIC)Collingwood
93%
Team (WA)Fremantle
93%
Team (SA)Port Adelaide
93%
Team (VIC)Carlton
92%
Team (VIC)Richmond
92%
Team (NSW)Greater Western Sydney
91%
Team (VIC)Hawthorn
91%
Team (VIC)Melbourne
91%
Team (VIC)Geelong
90%
Team (VIC)North Melbourne
90%
Team (VIC)Essendon
89%
Team (VIC)Western Bulldogs
89%
Team (VIC)St Kilda
86%

Score Distribution

Percentile by Number Answered

Percent of People with Each Score

Your Score History

You have not taken this quiz